000 00641nam a2200229 u 4500
001 000325271
003 AM-YeHGA
005 20250617130632.0
008 040408s1884 ru r 000 0 arm d
040 _aAM-YeHGA
041 0 _aarm
245 0 0 _aՉորս առակ մանուկների համար.
260 _aՄոսկուա :
_bՄ.Հ.Ո.Գ.Ը. հրատ,
_c1884.
300 _a32 էջ
650 1 4 _aՄանկական գրականություն
740 0 2 _aՄրմռան կատու
740 0 2 _aԿապոյտ կրակ
740 0 2 _aԿախարդ կանայք
740 0 2 _aՓինաչի
942 _2udc
_cBK
090 _c122690
999 _c121337
_d121337